000 00669nam a2200301Ia 4500
005 20260127113300.0
008 008 260114s9999 xx 000 0 eng d
020 _a9788184007589
037 _aTextbook
040 _aPSDL
040 _beng
040 _cPSDL
041 _2eng
041 _aeng
084 _aV44Q7 Q5
084 _qPSDL
100 _aSmall, Andrew
_91111701
245 4 _aThe China Pakistan Axis.
245 0 _cSmall, Andrew
260 _aGurugram, Haryana
260 _bPenguin Books
260 _c2015
300 _a347
942 _cTB
942 _hV44Q7 Q5
999 _c1677878
_d1677878